00409nam a2200097Ia 4500008004100000040002900041050002400070100002200094245016400116260003100280230222s9999||||xx |||||||||||||| ||und|| cChuka University Library aTHE HQ 27bT48 2016 aThuo,Daniel Njane 0aTeachers' self-effecacy in teaching HIV/AIDS education and students' knowledge and attitude towards sexual behaviour in secondary schools in coast region,Kenya aCUbChuka Universityc2016